Activity-based costing - aplikácia a prínosy v riadení podnikov

Gespeichert in:
Bibliographische Detailangaben
1. Verfasser: Lajoš, Branislav
Format: Buchkapitel
Sprache:Slowakisch
Tags: Tag hinzufügen
Keine Tags, Fügen Sie das erste Tag hinzu!

MARC

LEADER 00000naa$a2200000$$$4500
001 0060338
005 20240502071651.6
041 0 |a slo 
044 |a SK 
245 1 0 |a Activity-based costing - aplikácia a prínosy v riadení podnikov  |c Branislav Lajoš 
100 1 |a Lajoš, Branislav